Engineering graphics (Record no. 24285)

MARC details
000 -LEADER
fixed length control field 00342nam a2200133Ia 4500
082 ## - DEWEY DECIMAL CLASSIFICATION NUMBER
Classification number 62:519.1
Item number ANA
100 ## - MAIN ENTRY--AUTHOR NAME
Personal name Anandakrishnan, M
245 #0 - TITLE STATEMENT
Title Engineering graphics
260 ## - PUBLICATION, DISTRIBUTION, ETC. (IMPRINT)
Place of publication New Delhi
Name of publisher Prentice Hall
Year of publication 1969
650 ## - SUBJECT ADDED ENTRY--TOPICAL TERM
Topical Term Engineering graphics
700 ## - ADDED ENTRY--PERSONAL NAME
Personal name Siddiqu, R H
942 ## - ADDED ENTRY ELEMENTS (KOHA)
Koha item type Books
Holdings
Withdrawn status Lost status Damaged status Not for loan Home library Current library Date acquired Cost, normal purchase price Full call number Accession Number Koha item type
        RRII Library RRII Library 16/12/2021 15.00 62:519.1 ANA 04969 Books